[Event "Campeonato de España Blitz 2017"]
[Site "Linares"]
[Date "2017.08.12"]
[Round "4"]
[White "Vazquez Igarza, Renier"]
[Black "Cuenca Jimenez, Jose Fernando"]
[Result "1/2-1/2"]
[Board "4"]
[WhiteTitle "GM"]
[WhiteElo "2577"]
[WhiteCountry "ESP"]
[WhiteFideId "3503054"]
[WhiteEloChange "-2"]
[BlackTitle "GM"]
[BlackElo "2415"]
[BlackCountry "ESP"]
[BlackFideId "2255570"]
[BlackEloChange "2"]

1. d4 {[%clk 0:03:03]} Nf6 {[%clk 0:03:04]} 2. Nf3 {[%clk 0:03:04]} g6 {[%clk
0:03:05]} 3. Bg5 {[%clk 0:03:02]} Bg7 {[%clk 0:03:06]} 4. c3 {[%clk 0:03:03]} O-O
{[%clk 0:03:03]} 5. Nbd2 {[%clk 0:03:03]} d6 {[%clk 0:03:02]} 6. e4 {[%clk
0:03:01]} c5 {[%clk 0:03:02]} 7. dxc5 {[%clk 0:03:01]} dxc5 {[%clk 0:03:03]} 8.
Bc4 {[%clk 0:03:01]} h6 {[%clk 0:02:55]} 9. Bf4 {[%clk 0:02:49]} Nh5 {[%clk
0:02:41]} 10. Be3 {[%clk 0:02:48]} Qc7 {[%clk 0:02:30]} 11. O-O {[%clk 0:02:46]}
Nd7 {[%clk 0:02:07]} 12. Re1 {[%clk 0:02:35]} b6 {[%clk 0:01:59]} 13. a4 {[%clk
0:02:26]} Bb7 {[%clk 0:01:58]} 14. Qc2 {[%clk 0:02:23]} e6 {[%clk 0:01:24]} 15.
Bf1 {[%clk 0:02:18]} Nhf6 {[%clk 0:01:11]} 16. h3 {[%clk 0:02:17]} Rad8 {[%clk
0:01:04]} 17. a5 {[%clk 0:02:13]} Bc6 {[%clk 0:01:00]} 18. axb6 {[%clk 0:01:41]}
axb6 {[%clk 0:01:02]} 19. g3 {[%clk 0:01:41]} Rfe8 {[%clk 0:00:55]} 20. Bg2
{[%clk 0:01:30]} Qb7 {[%clk 0:00:53]} 21. Nh2 {[%clk 0:01:13]} Ne5 {[%clk
0:00:49]} 22. Red1 {[%clk 0:01:07]} Bb5 {[%clk 0:00:30]} 23. c4 {[%clk 0:00:44]}
Bc6 {[%clk 0:00:30]} 24. f3 {[%clk 0:00:43]} Nd3 {[%clk 0:00:21]} 25. Nb3 {[%clk
0:00:36]} Nb4 {[%clk 0:00:22]} 26. Qe2 {[%clk 0:00:37]} Nd7 {[%clk 0:00:22]} 27.
Nf1 {[%clk 0:00:34]} Ne5 {[%clk 0:00:22]} 28. f4 {[%clk 0:00:32]} Ned3 {[%clk
0:00:15]} 29. Bc1 {[%clk 0:00:27]} Nxc1 {[%clk 0:00:14]} 30. Raxc1 {[%clk
0:00:25]} Ba4 {[%clk 0:00:10]} 31. Rxd8 {[%clk 0:00:25]} Rxd8 {[%clk 0:00:10]}
32. e5 {[%clk 0:00:27]} Qd7 {[%clk 0:00:07]} 33. Nbd2 {[%clk 0:00:28]} Nd3 {[%clk
0:00:06]} 34. Ra1 {[%clk 0:00:27]} Bc6 {[%clk 0:00:05]} 35. Bxc6 {[%clk 0:00:27]}
Qxc6 {[%clk 0:00:06]} 36. b3 {[%clk 0:00:23]} g5 {[%clk 0:00:05]} 37. fxg5 {[%clk
0:00:22]} hxg5 {[%clk 0:00:05]} 38. Nf3 {[%clk 0:00:22]} Qc7 {[%clk 0:00:04]} 39.
Rd1 {[%clk 0:00:23]} Nb4 {[%clk 0:00:04]} 40. Rxd8+ {[%clk 0:00:21]} Qxd8 {[%clk
0:00:06]} 41. Ne3 {[%clk 0:00:22]} Qd3 {[%clk 0:00:06]} 42. Qxd3 {[%clk 0:00:23]}
Nxd3 {[%clk 0:00:08]} 43. Ng4 {[%clk 0:00:24]} Nc1 {[%clk 0:00:07]} 44. Nxg5
{[%clk 0:00:22]} Nxb3 {[%clk 0:00:07]} 45. Ne4 {[%clk 0:00:23]} Kf8 {[%clk
0:00:07]} 46. Kf2 {[%clk 0:00:24]} Ke7 {[%clk 0:00:04]} 47. h4 {[%clk 0:00:25]}
Na5 {[%clk 0:00:03]} 48. Nd6 {[%clk 0:00:21]} Nc6 {[%clk 0:00:03]} 49. Nc8+
{[%clk 0:00:22]} Kf8 {[%clk 0:00:04]} 50. Nxb6 {[%clk 0:00:22]} Ke8 {[%clk
0:00:04]} 51. Na4 {[%clk 0:00:22]} Bxe5 {[%clk 0:00:04]} 52. Nxe5 {[%clk
0:00:19]} Nxe5 {[%clk 0:00:05]} 53. Nxc5 {[%clk 0:00:20]} Nxc4 {[%clk 0:00:07]}
54. Kf3 {[%clk 0:00:17]} Kf8 {[%clk 0:00:08]} 55. Ne4 {[%clk 0:00:18]} Kg7 {[%clk
0:00:08]} 56. g4 {[%clk 0:00:19]} f5 {[%clk 0:00:09]} 1/2-1/2

[Event "Campeonato de España Blitz 2017"]
[Site "Linares"]
[Date "2017.08.12"]
[Round "4"]
[White "Ladron De Guevara Pinto, Paolo"]
[Black "Alonso Rosell, Alvar"]
[Result "0-1"]
[Board "5"]
[WhiteTitle "FM"]
[WhiteElo "2313"]
[WhiteCountry "ESP"]
[WhiteFideId "2290847"]
[WhiteEloChange "-4"]
[BlackTitle "GM"]
[BlackElo "2575"]
[BlackCountry "ESP"]
[BlackFideId "2270544"]
[BlackEloChange "2"]

1. e4 {[%clk 0:03:02]} c6 {[%clk 0:03:04]} 2. Nc3 {[%clk 0:03:01]} d5 {[%clk
0:03:05]} 3. Nf3 {[%clk 0:03:02]} Nf6 {[%clk 0:02:56]} 4. e5 {[%clk 0:03:03]} Ne4
{[%clk 0:02:56]} 5. Ne2 {[%clk 0:03:04]} Qb6 {[%clk 0:02:56]} 6. d4 {[%clk
0:03:05]} e6 {[%clk 0:02:57]} 7. Nfg1 {[%clk 0:02:59]} f6 {[%clk 0:02:58]} 8. f3
{[%clk 0:02:59]} Ng5 {[%clk 0:02:59]} 9. exf6 {[%clk 0:02:38]} gxf6 {[%clk
0:02:59]} 10. f4 {[%clk 0:02:38]} Ne4 {[%clk 0:03:00]} 11. Ng3 {[%clk 0:02:32]}
Bd7 {[%clk 0:03:01]} 12. c3 {[%clk 0:02:07]} c5 {[%clk 0:03:01]} 13. Nxe4 {[%clk
0:01:43]} dxe4 {[%clk 0:03:02]} 14. d5 {[%clk 0:01:44]} exd5 {[%clk 0:02:57]} 15.
Qh5+ {[%clk 0:01:45]} Kd8 {[%clk 0:02:27]} 16. Qxd5 {[%clk 0:01:45]} Nc6 {[%clk
0:02:22]} 17. Qb3 {[%clk 0:01:37]} Na5 {[%clk 0:02:05]} 18. Qc2 {[%clk 0:01:32]}
f5 {[%clk 0:01:25]} 19. Be3 {[%clk 0:01:33]} Kc7 {[%clk 0:01:26]} 20. O-O-O
{[%clk 0:01:33]} Be6 {[%clk 0:01:22]} 21. c4 {[%clk 0:01:11]} Bg7 {[%clk
0:01:18]} 22. Nh3 {[%clk 0:00:52]} Bxc4 {[%clk 0:00:54]} 23. b3 {[%clk 0:00:53]}
Bxb3 {[%clk 0:00:34]} 24. Bxc5 {[%clk 0:00:51]} Bxc2 {[%clk 0:00:26]} 25. Bxb6+
{[%clk 0:00:51]} Kxb6 {[%clk 0:00:19]} 26. Kxc2 {[%clk 0:00:52]} Rac8+ {[%clk
0:00:18]} 27. Kb1 {[%clk 0:00:52]} Nc4 {[%clk 0:00:18]} 28. Bxc4 {[%clk 0:00:50]}
Rxc4 {[%clk 0:00:19]} 29. Rd7 {[%clk 0:00:46]} Rb4+ {[%clk 0:00:18]} 30. Kc1
{[%clk 0:00:39]} Rc8+ {[%clk 0:00:19]} 31. Kd2 {[%clk 0:00:36]} Rb2+ {[%clk
0:00:18]} 32. Ke1 {[%clk 0:00:37]} Rc1+ {[%clk 0:00:17]} 33. Rd1 {[%clk 0:00:38]}
Bc3+ {[%clk 0:00:18]} 0-1

[Event "Campeonato de España Blitz 2017"]
[Site "Linares"]
[Date "2017.08.12"]
[Round "4"]
[White "Lopez Martinez, Josep Manuel"]
[Black "Martin Duque, Jesus"]
[Result "1-0"]
[Board "6"]
[WhiteTitle "GM"]
[WhiteElo "2529"]
[WhiteCountry "ESP"]
[WhiteFideId "2212943"]
[WhiteEloChange "2"]
[BlackTitle "FM"]
[BlackElo "2285"]
[BlackCountry "ESP"]
[BlackFideId "2208954"]
[BlackEloChange "-4"]

1. d4 {[%clk 0:03:01]} Nf6 {[%clk 0:03:02]} 2. c4 {[%clk 0:03:02]} c5 {[%clk
0:03:02]} 3. d5 {[%clk 0:03:02]} b5 {[%clk 0:03:03]} 4. cxb5 {[%clk 0:02:48]} a6
{[%clk 0:03:04]} 5. bxa6 {[%clk 0:02:47]} g6 {[%clk 0:03:05]} 6. Nc3 {[%clk
0:02:46]} Bg7 {[%clk 0:02:54]} 7. e4 {[%clk 0:02:47]} O-O {[%clk 0:02:54]} 8. Nf3
{[%clk 0:02:39]} e6 {[%clk 0:02:27]} 9. dxe6 {[%clk 0:02:16]} dxe6 {[%clk
0:02:25]} 10. Qxd8 {[%clk 0:02:10]} Rxd8 {[%clk 0:02:25]} 11. Be3 {[%clk
0:01:59]} Nfd7 {[%clk 0:01:45]} 12. O-O-O {[%clk 0:01:41]} Nxa6 {[%clk 0:01:38]}
13. Bg5 {[%clk 0:01:33]} f6 {[%clk 0:01:26]} 14. Be3 {[%clk 0:01:29]} Bb7 {[%clk
0:01:10]} 15. Bc4 {[%clk 0:01:29]} Kf7 {[%clk 0:00:56]} 16. Rd6 {[%clk 0:01:21]}
Nc7 {[%clk 0:00:45]} 17. Rhd1 {[%clk 0:01:20]} Ke7 {[%clk 0:00:30]} 18. a3 {[%clk
0:01:13]} Ba6 {[%clk 0:00:30]} 19. Bxa6 {[%clk 0:01:10]} Rxa6 {[%clk 0:00:20]}
20. Bxc5 {[%clk 0:01:03]} Nxc5 {[%clk 0:00:16]} 21. Rxd8 {[%clk 0:01:04]} f5
{[%clk 0:00:09]} 22. e5 {[%clk 0:00:55]} Nd5 {[%clk 0:00:08]} 23. Nxd5+ {[%clk
0:00:48]} Kxd8 {[%clk 0:00:09]} 24. Nb4+ {[%clk 0:00:48]} Ke7 {[%clk 0:00:11]}
25. Nxa6 {[%clk 0:00:49]} Nxa6 {[%clk 0:00:12]} 26. b4 {[%clk 0:00:46]} Nc7
{[%clk 0:00:12]} 27. Kc2 {[%clk 0:00:43]} g5 {[%clk 0:00:11]} 28. Nxg5 {[%clk
0:00:38]} Bxe5 {[%clk 0:00:11]} 29. g3 {[%clk 0:00:37]} h6 {[%clk 0:00:10]} 30.
Nf3 {[%clk 0:00:37]} Bd6 {[%clk 0:00:10]} 31. Nd4 {[%clk 0:00:35]} Nd5 {[%clk
0:00:10]} 32. Nxf5+ {[%clk 0:00:35]} 1-0

[Event "Campeonato de España Blitz 2017"]
[Site "Linares"]
[Date "2017.08.12"]
[Round "4"]
[White "Arizmendi Martinez, Julen Luis"]
[Black "Sos Andreu, Eric"]
[Result "1-0"]
[Board "7"]
[WhiteTitle "GM"]
[WhiteElo "2514"]
[WhiteCountry "ESP"]
[WhiteFideId "2205092"]
[WhiteEloChange "2"]
[BlackTitle "IM"]
[BlackElo "2285"]
[BlackCountry "ESP"]
[BlackFideId "22247017"]
[BlackEloChange "-4"]

1. d4 {[%clk 0:03:03]} Nf6 {[%clk 0:03:02]} 2. c4 {[%clk 0:03:04]} g6 {[%clk
0:03:03]} 3. Nc3 {[%clk 0:03:04]} d5 {[%clk 0:03:04]} 4. Nf3 {[%clk 0:03:03]} Bg7
{[%clk 0:03:04]} 5. e3 {[%clk 0:03:01]} O-O {[%clk 0:03:04]} 6. cxd5 {[%clk
0:03:02]} Nxd5 {[%clk 0:03:05]} 7. Bc4 {[%clk 0:03:02]} Nb6 {[%clk 0:03:03]} 8.
Bb3 {[%clk 0:03:03]} c5 {[%clk 0:02:55]} 9. O-O {[%clk 0:02:51]} cxd4 {[%clk
0:02:52]} 10. exd4 {[%clk 0:02:52]} Nc6 {[%clk 0:02:52]} 11. d5 {[%clk 0:02:09]}
Na5 {[%clk 0:02:52]} 12. Re1 {[%clk 0:02:03]} Bg4 {[%clk 0:02:26]} 13. h3 {[%clk
0:02:03]} Bxf3 {[%clk 0:02:25]} 14. Qxf3 {[%clk 0:02:04]} Nxb3 {[%clk 0:02:21]}
15. axb3 {[%clk 0:02:04]} Bxc3 {[%clk 0:02:17]} 16. bxc3 {[%clk 0:01:31]} Qxd5
{[%clk 0:02:15]} 17. Rxe7 {[%clk 0:00:55]} Qxf3 {[%clk 0:01:57]} 18. gxf3 {[%clk
0:00:56]} Nd5 {[%clk 0:01:51]} 19. Rxb7 {[%clk 0:00:56]} Nxc3 {[%clk 0:01:52]}
20. Bh6 {[%clk 0:00:54]} Rfe8 {[%clk 0:01:36]} 21. Raxa7 {[%clk 0:00:54]} Rxa7
{[%clk 0:01:36]} 22. Rxa7 {[%clk 0:00:55]} Nb5 {[%clk 0:01:29]} 23. Rd7 {[%clk
0:00:42]} f6 {[%clk 0:01:29]} 24. Kg2 {[%clk 0:00:42]} Nc3 {[%clk 0:00:28]} 25.
h4 {[%clk 0:00:26]} Rb8 {[%clk 0:00:26]} 26. Rg7+ {[%clk 0:00:23]} Kh8 {[%clk
0:00:26]} 27. Rf7 {[%clk 0:00:12]} Kg8 {[%clk 0:00:22]} 28. Rxf6 {[%clk 0:00:09]}
Nd5 {[%clk 0:00:17]} 29. Rd6 {[%clk 0:00:08]} Ne7 {[%clk 0:00:17]} 30. Rd3 {[%clk
0:00:08]} Nf5 {[%clk 0:00:17]} 31. Bf4 {[%clk 0:00:07]} Rb4 {[%clk 0:00:14]} 32.
Bg3 {[%clk 0:00:06]} h5 {[%clk 0:00:12]} 33. Kh3 {[%clk 0:00:05]} Kf7 {[%clk
0:00:12]} 34. Rc3 {[%clk 0:00:05]} Ke6 {[%clk 0:00:10]} 35. Rc6+ {[%clk 0:00:06]}
Kf7 {[%clk 0:00:11]} 36. Rc3 {[%clk 0:00:06]} Ke6 {[%clk 0:00:12]} 37. Rc6+
{[%clk 0:00:08]} Kf7 {[%clk 0:00:13]} 38. Rc3 {[%clk 0:00:09]} Ke6 {[%clk
0:00:13]} 39. Kg2 {[%clk 0:00:10]} Nd4 {[%clk 0:00:12]} 40. Rc4 {[%clk 0:00:10]}
Rxc4 {[%clk 0:00:12]} 41. bxc4 {[%clk 0:00:10]} Kd7 {[%clk 0:00:07]} 42. Be5
{[%clk 0:00:05]} Nf5 {[%clk 0:00:08]} 43. Bf6 {[%clk 0:00:06]} Kc6 {[%clk
0:00:09]} 44. f4 {[%clk 0:00:07]} Kc5 {[%clk 0:00:09]} 45. Kf3 {[%clk 0:00:08]}
Kxc4 {[%clk 0:00:10]} 46. Ke4 {[%clk 0:00:09]} Kc5 {[%clk 0:00:04]} 47. Ke5
{[%clk 0:00:11]} Nd4 {[%clk 0:00:05]} 48. Bg5 {[%clk 0:00:11]} Nf3+ {[%clk
0:00:04]} 49. Kf6 {[%clk 0:00:12]} Kd5 {[%clk 0:00:04]} 50. Kxg6 {[%clk 0:00:13]}
Ke6 {[%clk 0:00:05]} 51. f5+ {[%clk 0:00:13]} Kd7 {[%clk 0:00:06]} 52. f6 {[%clk
0:00:13]} Ke8 {[%clk 0:00:07]} 53. Kg7 {[%clk 0:00:13]} Ne5 {[%clk 0:00:08]} 54.
Bf4 {[%clk 0:00:08]} Nf7 {[%clk 0:00:07]} 55. Bc7 {[%clk 0:00:09]} 1-0

[Event "Campeonato de España Blitz 2017"]
[Site "Linares"]
[Date "2017.08.12"]
[Round "4"]
[White "Galvez Extremera, Francisco"]
[Black "Santos Latasa, Jaime"]
[Result "0-1"]
[Board "8"]
[WhiteElo "2150"]
[WhiteCountry "ESP"]
[WhiteFideId "2208202"]
[WhiteEloChange "-3"]
[BlackTitle "IM"]
[BlackElo "2478"]
[BlackCountry "ESP"]
[BlackFideId "2293307"]
[BlackEloChange "1"]

1. e4 {[%clk 0:03:03]} c5 {[%clk 0:03:03]} 2. d4 {[%clk 0:03:04]} cxd4 {[%clk
0:03:04]} 3. c3 {[%clk 0:03:05]} d3 {[%clk 0:03:05]} 4. Bxd3 {[%clk 0:03:06]} Nc6
{[%clk 0:03:06]} 5. f4 {[%clk 0:03:07]} g6 {[%clk 0:02:59]} 6. Nf3 {[%clk
0:03:07]} Bg7 {[%clk 0:03:01]} 7. O-O {[%clk 0:03:07]} d6 {[%clk 0:03:01]} 8. Qe2
{[%clk 0:03:05]} Bg4 {[%clk 0:03:02]} 9. Nbd2 {[%clk 0:03:06]} Nf6 {[%clk
0:02:56]} 10. h3 {[%clk 0:03:05]} Bxf3 {[%clk 0:02:23]} 11. Nxf3 {[%clk 0:03:01]}
O-O {[%clk 0:02:23]} 12. Be3 {[%clk 0:02:51]} Rc8 {[%clk 0:02:24]} 13. Rad1
{[%clk 0:02:52]} Nd7 {[%clk 0:02:21]} 14. Bc2 {[%clk 0:02:42]} a6 {[%clk
0:02:15]} 15. e5 {[%clk 0:02:42]} dxe5 {[%clk 0:02:06]} 16. fxe5 {[%clk 0:02:43]}
e6 {[%clk 0:02:00]} 17. Rd2 {[%clk 0:02:22]} Qc7 {[%clk 0:01:59]} 18. Rfd1 {[%clk
0:02:17]} Ndxe5 {[%clk 0:01:49]} 19. Nxe5 {[%clk 0:02:16]} Qxe5 {[%clk 0:01:46]}
20. Qf2 {[%clk 0:02:14]} Rfd8 {[%clk 0:01:42]} 21. Bb6 {[%clk 0:02:13]} Rxd2
{[%clk 0:01:22]} 22. Rxd2 {[%clk 0:02:15]} Nb8 {[%clk 0:01:23]} 23. Bd4 {[%clk
0:02:02]} Qa5 {[%clk 0:01:04]} 24. Bb6 {[%clk 0:01:56]} Qxa2 {[%clk 0:00:51]} 25.
Be4 {[%clk 0:01:57]} Qb3 {[%clk 0:00:39]} 26. Bxb7 {[%clk 0:01:43]} Rf8 {[%clk
0:00:41]} 27. Be4 {[%clk 0:01:31]} Qa4 {[%clk 0:00:41]} 28. Bd4 {[%clk 0:00:34]}
Bxd4 {[%clk 0:00:41]} 29. Rxd4 {[%clk 0:00:35]} Qb5 {[%clk 0:00:40]} 30. Bd3
{[%clk 0:00:29]} Qb6 {[%clk 0:00:41]} 31. Kh1 {[%clk 0:00:27]} Nc6 {[%clk
0:00:39]} 32. Rf4 {[%clk 0:00:24]} Qxf2 {[%clk 0:00:37]} 33. Rxf2 {[%clk
0:00:24]} a5 {[%clk 0:00:37]} 34. Bb5 {[%clk 0:00:20]} Na7 {[%clk 0:00:38]} 35.
Ba4 {[%clk 0:00:16]} Rb8 {[%clk 0:00:39]} 36. b3 {[%clk 0:00:17]} Nc8 {[%clk
0:00:40]} 37. Rd2 {[%clk 0:00:17]} Nb6 {[%clk 0:00:41]} 38. c4 {[%clk 0:00:08]}
Nxa4 {[%clk 0:00:34]} 39. bxa4 {[%clk 0:00:09]} Rc8 {[%clk 0:00:35]} 40. Rc2
{[%clk 0:00:10]} Kf8 {[%clk 0:00:35]} 41. Kg1 {[%clk 0:00:10]} Ke7 {[%clk
0:00:35]} 42. Kf2 {[%clk 0:00:10]} Kd6 {[%clk 0:00:36]} 43. Ke3 {[%clk 0:00:11]}
Kc5 {[%clk 0:00:37]} 44. Kd3 {[%clk 0:00:11]} Rb8 {[%clk 0:00:36]} 45. Rf2 {[%clk
0:00:11]} f5 {[%clk 0:00:35]} 46. Re2 {[%clk 0:00:12]} Rb3+ {[%clk 0:00:35]} 47.
Kc2 {[%clk 0:00:12]} Rb6 {[%clk 0:00:35]} 48. Kc3 {[%clk 0:00:14]} Kd6 {[%clk
0:00:35]} 49. Kd4 {[%clk 0:00:14]} Rc6 {[%clk 0:00:36]} 50. Rb2 {[%clk 0:00:14]}
e5+ {[%clk 0:00:37]} 51. Kd3 {[%clk 0:00:15]} Ke6 {[%clk 0:00:36]} 52. Rb5 {[%clk
0:00:17]} Rd6+ {[%clk 0:00:35]} 53. Ke3 {[%clk 0:00:17]} Rd4 {[%clk 0:00:36]} 54.
c5 {[%clk 0:00:17]} Rxa4 {[%clk 0:00:36]} 55. c6 {[%clk 0:00:17]} Rc4 {[%clk
0:00:36]} 56. Rxa5 {[%clk 0:00:17]} Rc3+ {[%clk 0:00:37]} 57. Ke2 {[%clk
0:00:12]} Rxc6 {[%clk 0:00:38]} 58. Ra7 {[%clk 0:00:13]} h5 {[%clk 0:00:39]} 59.
Rg7 {[%clk 0:00:10]} Kf6 {[%clk 0:00:40]} 60. Rd7 {[%clk 0:00:11]} e4 {[%clk
0:00:40]} 61. Rd2 {[%clk 0:00:11]} h4 {[%clk 0:00:40]} 62. Ke3 {[%clk 0:00:09]}
Kg5 {[%clk 0:00:40]} 0-1

[Event "Campeonato de España Blitz 2017"]
[Site "Linares"]
[Date "2017.08.12"]
[Round "4"]
[White "Ortega Ruiz, Jose Miguel"]
[Black "Larino Nieto, David"]
[Result "0-1"]
[Board "9"]
[WhiteTitle "FM"]
[WhiteElo "2395"]
[WhiteCountry "ESP"]
[WhiteFideId "2209713"]
[WhiteEloChange "-5"]
[BlackTitle "GM"]
[BlackElo "2595"]
[BlackCountry "ESP"]
[BlackFideId "2256444"]
[BlackEloChange "2"]

1. d4 {[%clk 0:03:02]} e6 {[%clk 0:03:01]} 2. Nf3 {[%clk 0:03:00]} Nf6 {[%clk
0:02:58]} 3. Bf4 {[%clk 0:02:52]} d6 {[%clk 0:02:55]} 4. h3 {[%clk 0:02:50]} b6
{[%clk 0:02:54]} 5. e3 {[%clk 0:02:51]} Bb7 {[%clk 0:02:55]} 6. Be2 {[%clk
0:02:51]} Nbd7 {[%clk 0:02:56]} 7. O-O {[%clk 0:02:51]} Be7 {[%clk 0:02:55]} 8.
c3 {[%clk 0:02:47]} h6 {[%clk 0:02:56]} 9. b4 {[%clk 0:02:45]} g5 {[%clk
0:02:56]} 10. Bg3 {[%clk 0:02:43]} Ne4 {[%clk 0:02:45]} 11. Bh2 {[%clk 0:02:41]}
h5 {[%clk 0:02:46]} 12. Nfd2 {[%clk 0:02:38]} g4 {[%clk 0:02:45]} 13. Nxe4 {[%clk
0:02:34]} Bxe4 {[%clk 0:02:37]} 14. Nd2 {[%clk 0:02:34]} Bb7 {[%clk 0:02:34]} 15.
hxg4 {[%clk 0:02:29]} hxg4 {[%clk 0:02:35]} 16. Bxg4 {[%clk 0:02:29]} Nf6 {[%clk
0:02:36]} 17. Bf3 {[%clk 0:02:30]} d5 {[%clk 0:02:38]} 18. Be5 {[%clk 0:02:24]}
Bd6 {[%clk 0:02:38]} 19. g3 {[%clk 0:02:23]} Bxe5 {[%clk 0:02:39]} 20. dxe5
{[%clk 0:02:24]} Nd7 {[%clk 0:02:40]} 21. Bg2 {[%clk 0:02:11]} Nxe5 {[%clk
0:02:40]} 22. Nf3 {[%clk 0:01:59]} Nxf3+ {[%clk 0:02:34]} 23. Qxf3 {[%clk
0:01:57]} Qg5 {[%clk 0:02:35]} 24. Rfd1 {[%clk 0:01:46]} Qh6 {[%clk 0:02:33]} 25.
a4 {[%clk 0:01:40]} a5 {[%clk 0:02:17]} 26. b5 {[%clk 0:01:41]} Rb8 {[%clk
0:02:17]} 27. Rd4 {[%clk 0:01:36]} Qh2+ {[%clk 0:02:11]} 28. Kf1 {[%clk 0:01:37]}
c5 {[%clk 0:02:02]} 29. bxc6 {[%clk 0:01:21]} Bxc6 {[%clk 0:02:00]} 30. Qf4
{[%clk 0:00:58]} Ke7 {[%clk 0:01:57]} 31. Qg5+ {[%clk 0:00:59]} Kd7 {[%clk
0:01:51]} 32. c4 {[%clk 0:01:00]} Bb7 {[%clk 0:01:45]} 33. Rad1 {[%clk 0:00:49]}
Rh5 {[%clk 0:01:40]} 34. Qf4 {[%clk 0:00:49]} Rf8 {[%clk 0:01:31]} 35. e4 {[%clk
0:00:38]} Kc8 {[%clk 0:01:26]} 36. exd5 {[%clk 0:00:37]} Rf5 {[%clk 0:01:24]} 37.
Qe3 {[%clk 0:00:11]} Rg8 {[%clk 0:01:19]} 38. c5 {[%clk 0:00:09]} Ba6+ {[%clk
0:01:17]} 39. R1d3 {[%clk 0:00:09]} Rxg3 {[%clk 0:01:16]} 40. Qxg3 {[%clk
0:00:10]} Qxg3 {[%clk 0:01:17]} 41. Kg1 {[%clk 0:00:08]} Qxf2+ {[%clk 0:01:17]}
0-1

[Event "Campeonato de España Blitz 2017"]
[Site "Linares"]
[Date "2017.08.12"]
[Round "4"]
[White "Senlle Caride, Miguel"]
[Black "Korneev, Oleg"]
[Result "0-1"]
[Board "10"]
[WhiteTitle "FM"]
[WhiteElo "2354"]
[WhiteCountry "ESP"]
[WhiteFideId "2282500"]
[WhiteEloChange "-4"]
[BlackTitle "GM"]
[BlackElo "2578"]
[BlackCountry "ESP"]
[BlackFideId "4156803"]
[BlackEloChange "2"]

1. Nf3 {[%clk 0:03:02]} d5 {[%clk 0:03:03]} 2. g3 {[%clk 0:03:03]} Nf6 {[%clk
0:03:03]} 3. Bg2 {[%clk 0:03:03]} Bf5 {[%clk 0:03:04]} 4. c4 {[%clk 0:03:04]} c6
{[%clk 0:03:01]} 5. cxd5 {[%clk 0:02:59]} cxd5 {[%clk 0:03:02]} 6. O-O {[%clk
0:02:59]} Nc6 {[%clk 0:03:02]} 7. d4 {[%clk 0:02:59]} e6 {[%clk 0:03:01]} 8. Nc3
{[%clk 0:03:00]} Be7 {[%clk 0:02:59]} 9. Bf4 {[%clk 0:02:33]} O-O {[%clk
0:02:58]} 10. Rc1 {[%clk 0:02:26]} a6 {[%clk 0:02:54]} 11. Nh4 {[%clk 0:01:58]}
Bg4 {[%clk 0:02:40]} 12. h3 {[%clk 0:01:59]} Bh5 {[%clk 0:02:40]} 13. g4 {[%clk
0:02:00]} Nd7 {[%clk 0:02:32]} 14. gxh5 {[%clk 0:01:41]} Bxh4 {[%clk 0:02:33]}
15. e4 {[%clk 0:01:42]} Nf6 {[%clk 0:02:14]} 16. e5 {[%clk 0:01:24]} Nd7 {[%clk
0:01:56]} 17. Qg4 {[%clk 0:01:23]} Nxd4 {[%clk 0:01:48]} 18. Rcd1 {[%clk
0:00:28]} Nc6 {[%clk 0:01:24]} 19. Bh6 {[%clk 0:00:25]} g6 {[%clk 0:01:23]} 20.
Bxf8 {[%clk 0:00:23]} Nxf8 {[%clk 0:01:22]} 21. hxg6 {[%clk 0:00:16]} hxg6 {[%clk
0:01:20]} 22. f4 {[%clk 0:00:12]} Be7 {[%clk 0:01:09]} 23. Nxd5 {[%clk 0:00:05]}
exd5 {[%clk 0:01:08]} 24. Bxd5 {[%clk 0:00:05]} Qb6+ {[%clk 0:01:05]} 25. Kh1
{[%clk 0:00:07]} Rd8 {[%clk 0:01:00]} 26. f5 {[%clk 0:00:04]} Nxe5 {[%clk
0:01:00]} 27. Qg2 {[%clk 0:00:04]} g5 {[%clk 0:00:48]} 28. f6 {[%clk 0:00:03]}
Bxf6 {[%clk 0:00:49]} 29. Be4 {[%clk 0:00:03]} Rxd1 {[%clk 0:00:46]} 30. Rxd1
{[%clk 0:00:04]} Ne6 {[%clk 0:00:40]} 31. Bf5 {[%clk 0:00:03]} Nf4 {[%clk
0:00:37]} 32. Qe4 {[%clk 0:00:04]} Qxb2 {[%clk 0:00:32]} 33. Rg1 {[%clk 0:00:05]}
Qf2 {[%clk 0:00:26]} 34. Qxb7 {[%clk 0:00:03]} Nf3 {[%clk 0:00:18]} 0-1

[Event "Campeonato de España Blitz 2017"]
[Site "Linares"]
[Date "2017.08.12"]
[Round "4"]
[White "Dvirnyy, Danyyil"]
[Black "Matnadze, Ana"]
[Result "1-0"]
[Board "11"]
[WhiteTitle "GM"]
[WhiteElo "2566"]
[WhiteCountry "ITA"]
[WhiteFideId "817570"]
[WhiteEloChange "3"]
[BlackTitle "IM"]
[BlackElo "2422"]
[BlackCountry "ESP"]
[BlackFideId "13601377"]
[BlackEloChange "-3"]

1. d4 {[%clk 0:03:02]} Nf6 {[%clk 0:03:02]} 2. c4 {[%clk 0:03:03]} e6 {[%clk
0:03:04]} 3. Nf3 {[%clk 0:03:04]} b6 {[%clk 0:03:05]} 4. g3 {[%clk 0:03:06]} Bb7
{[%clk 0:03:06]} 5. Bg2 {[%clk 0:03:07]} Be7 {[%clk 0:03:07]} 6. O-O {[%clk
0:03:08]} O-O {[%clk 0:03:08]} 7. Nc3 {[%clk 0:03:09]} Ne4 {[%clk 0:03:08]} 8.
Bd2 {[%clk 0:03:10]} f5 {[%clk 0:03:09]} 9. Ne5 {[%clk 0:03:02]} Nxc3 {[%clk
0:03:07]} 10. Bxc3 {[%clk 0:03:03]} Bxg2 {[%clk 0:03:07]} 11. Kxg2 {[%clk
0:03:04]} Qc8 {[%clk 0:03:05]} 12. Kg1 {[%clk 0:02:42]} d6 {[%clk 0:02:56]} 13.
Nd3 {[%clk 0:02:42]} Bf6 {[%clk 0:02:55]} 14. Qd2 {[%clk 0:02:36]} a5 {[%clk
0:02:50]} 15. Rfe1 {[%clk 0:02:33]} Qb7 {[%clk 0:02:44]} 16. Nf4 {[%clk 0:02:29]}
Bg5 {[%clk 0:02:36]} 17. Qd3 {[%clk 0:02:04]} Re8 {[%clk 0:02:18]} 18. d5 {[%clk
0:02:03]} Bxf4 {[%clk 0:02:11]} 19. gxf4 {[%clk 0:02:03]} exd5 {[%clk 0:02:12]}
20. Qxf5 {[%clk 0:01:41]} dxc4 {[%clk 0:02:01]} 21. Qg5 {[%clk 0:01:24]} c6
{[%clk 0:01:46]} 22. Rad1 {[%clk 0:01:20]} d5 {[%clk 0:01:46]} 23. e4 {[%clk
0:01:16]} Na6 {[%clk 0:01:10]} 24. e5 {[%clk 0:01:11]} Nc5 {[%clk 0:01:06]} 25.
f5 {[%clk 0:01:09]} Nd3 {[%clk 0:00:47]} 26. e6 {[%clk 0:00:54]} Nxe1 {[%clk
0:00:18]} 27. Rxe1 {[%clk 0:00:55]} Rf8 {[%clk 0:00:12]} 28. e7 {[%clk 0:00:53]}
1-0